Sports Quiz

Random Sports or Basketball Quiz

2012 Men's March Madness Teams Quiz Stats

 Plays Quiz not verified by Sporcle

Also try: Find the MLB Teams
Challenge
Share
Tweet
Embed
Score 0/68 Timer 10:00
0 Plays Today
Ranked College % Correct
1st S???
97.7%
13th MW???
95.5%
7th W???
95.5%
2nd MW???
93.2%
4th MW???
93.2%
2nd W???
93.2%
1st MW???
90.9%
1st E???
90.9%
2nd E???
90.9%
3rd E???
90.9%
2nd S???
88.6%
4th S???
84.1%
1st W???
84.1%
4th W???
84.1%
3rd S???
81.8%
9th S???
79.5%
10th S???
79.5%
15th S???
79.5%
11th MW???
79.5%
8th S???
77.3%
3rd MW???
77.3%
4th E???
77.3%
8th E???
77.3%
11th E???
77.3%
12th S???
75%
10th MW???
75%
6th E???
75%
12th* MW???
75%
11th S???
72.7%
16th S???
72.7%
5th W???
72.7%
9th MW???
70.5%
8th W???
70.5%
14th W???
70.5%
Ranked College % Correct
15th W???
70.5%
7th E???
70.5%
6th S???
68.2%
7th S???
68.2%
10th W???
68.2%
5th MW???
65.9%
5th E???
63.6%
12th E???
63.6%
13th S???
61.4%
8th MW???
61.4%
12th MW???
61.4%
16th MW???
61.4%
10th E???
61.4%
3rd W???
59.1%
5th S???
56.8%
7th MW???
56.8%
11th W???
56.8%
6th MW???
54.5%
14th* W???
54.5%
16th* MW???
52.3%
13th W???
52.3%
14th MW???
50%
15th MW???
50%
6th W???
50%
9th W???
45.5%
14th S???
43.2%
16th* S???
43.2%
12th W???
43.2%
16th E???
43.2%
13th E???
40.9%
14th E???
40.9%
9th E???
38.6%
16th W???
29.5%
15th E???
29.5%

You're not logged in!

Compare scores with friends on all Sporcle quizzes.
OR
Log In

You Might Also Like...

Show Comments

Extras

Top Quizzes Today


Score Distribution

Your Account Isn't Verified!

In order to create a playlist on Sporcle, you need to verify the email address you used during registration. Go to your Sporcle Settings to finish the process.

Report this User

Report this user for behavior that violates our Community Guidelines.

Details: